书目信息 |
| 题名: |
阻燃剂-性能.制造及应用
|
|
| 作者: | 欧育湘 , 李建军 编著 | |
| 分册: | ||
| 出版信息: | 北京 化学工业出版社 2006 |
|
| 页数: | ||
| 开本: | 29cm | |
| 丛书名: | ||
| 单 册: | ||
| 中图分类: | TQ569 | |
| 科图分类: | ||
| 主题词: | 灭火器--生产 , 阻燃剂 , 阻燃剂--生产 | |
| 电子资源: | ||
| ISBN: | 7-5025-7989-3 | |
| 000 | 00650nam0 2200217 450 | |
| 001 | 0754114953 | |
| 005 | 20070929150154.95 | |
| 010 | @a7-5025-7989-3 | |
| 100 | @a20070929d km y0chiy0120 ea | |
| 101 | 0 | @achi |
| 200 | 1 | @a阻燃剂-性能.制造及应用@Azu ran ji-xing neng.zhi zao ji ying yong@f欧育湘,李建军 编著@Fou yu xiang,li jian jun bian zhu |
| 210 | @a北京@c化学工业出版社@d2006 | |
| 215 | @c插图@d29cm | |
| 606 | 0 | @a灭火器@x生产 |
| 606 | 0 | @a阻燃剂 |
| 606 | 0 | @a阻燃剂@x生产 |
| 690 | @aTQ569@v3 | |
| 701 | 0 | @a欧育湘@Aou yu xiang@4编著 |
| 701 | 0 | @a李建军@Ali jian jun@4编著 |
| 801 | 0 | @aCN@bPFT@c20070929 |
| 905 | @a213230@dTQ569@eh201@f1 | |
| 阻燃剂-性能.制造及应用/欧育湘,李建军 编著.-北京:化学工业出版社,2006 |
| 插图;29cm |
| ISBN 7-5025-7989-3: |
| ● |
| 相关链接 |
|
|
|
|
正题名:阻燃剂-性能·制造及应用
索取号:TQ569/h201
 
预约/预借
| 序号 | 登录号 | 条形码 | 馆藏地/架位号 | 状态 | 备注 |
| 1 | 6002314 | 260023147 | 密集书库-化学系/ [索取号:TQ569/h201] | 在馆 |